Hygienic design and operation of food plant

Guardat en:
Dades bibliogràfiques
Autor principal: Jowitt, Ronald (Autor)
Format: Llibre
Idioma:anglès
Publicat: Chichester Ellis Horwood 1980
Matèries:
Etiquetes: Afegir etiqueta
Sense etiquetes, Sigues el primer a etiquetar aquest registre!

MARC

LEADER 00000nam a2200000 a 4500
001 UCU7226
003 CL-VaPUC
008 960628e19800000UK |||||||||||||||||eng|d
082 0 4 |a 664.02  |b JOW  |2 21 
100 |a Jowitt, Ronald  |e author  |9 365870 
245 1 0 |a Hygienic design and operation of food plant 
300 |a 292 p 
942 |c BK 
945 |d 19960628 00:00:00  |a paguirre 
260 |a Chichester  |b Ellis Horwood  |c 1980 
650 7 |a TECNOLOGIA DE ALIMENTOS  |2 CL-VaPUC  |9 365871 
650 0 |a Industria alimentaria  |9 331702 
650 7 |a HIGIENE  |2 CL-VaPUC  |9 365872 
650 7 |a HIGIENE DE LOS ALIMENTOS  |2 CL-VaPUC  |9 310083 
650 0 |a Tecnología sanitaria  |9 262722 
650 0 |a Contaminación de alimentos  |9 259640 
583 |a last modification  |c 19960628 00:00:00  |k Rodrigo Vera 
999 |c 249905  |d 249903 
952 |0 0  |1 0  |4 0  |6 664_020000000000000_JOW_1980  |7 0  |8 A  |9 267467  |a BIBING  |b BIBING  |d 2019-11-19  |i 1699938  |o 664.02 JOW 1980  |p 1699938  |r 2025-01-20  |w 2019-11-19  |y BK  |k EIB